English - Japanese = Đàm thoại Anh - Nhật cho du khách (kèm một băng cassette 90 phút) Tập 1 T.1

Đã lưu trong:
Bibliografiske detaljer
Format: Bog
Udgivet: Nxb Trẻ 1997
Tags: Tilføj Tag
Ingen Tags, Vær først til at tagge denne postø!
Thư viện lưu trữ: Mạng thư viện Đại học Đà Nẵng
LEADER 00821nam a2200229 a 4500
001 000041490
003 18423
005 20171030155812.0
008 171030s1997
040 |a LNN 
082 0 |a 428.3  |b En-J 
245 0 0 |a English - Japanese = Đàm thoại Anh - Nhật cho du khách (kèm một băng cassette 90 phút) Tập 1  |c Đặng Ngọc Tú biên dịch.  |n T.1 
260 |b Nxb Trẻ  |c 1997 
OWN |a LNN 
AVA |a UDN50  |b LNN  |d 428.3 En-J  |e available  |t Error 5001 Not defined in file expand_doc_bib_avail.  |f 1  |g 0  |h N  |i 0  |k 1 
999 |a From the UDN01 
AVA |a UDN50  |b LNN  |d 428.3 En-J  |e available  |t Error 5001 Not defined in file expand_doc_bib_avail.  |f 1  |g 0  |h N  |i 0  |k 1 
TYP |a Monograph 
TYP |a Printed language 
980 |a Mạng thư viện Đại học Đà Nẵng